000 00425nam a22001817a 4500
003 MPLRDC
005 20220104113731.0
008 210129b ||||| |||| 00| 0 eng d
020 _a962-577-067-4
082 _a848.3 CL-2 v.3
100 _a蔡澜著
245 _a二乐也
_c
250 _a第二版
260 _a
_b壹出版有限公司
_c1995
300 _b
650 _a现代别集
942 _cBK
_o848.3 CL-2 v.3
999 _c1934
_d1924